000 01405nam a22002177a 4500
999 _c57589
_d57589
003 Ge_BSU
005 20200810124330.0
008 200810s2019 ge ||||| |||| 00| 0 geo d
020 _a9789941962134
041 _ageo
080 _a811.353.1(092 ი. ჩანტლაძე) ღ-54
245 _aღვაწლი :
_b(პროფესორი იზა ჩანტლაძე 80 წლისაა ) /
_cრედ.: მეტრეველი, რ. არაბული, ა. გიპერტი, ი.; საქართველოს მეცნიერებათა აკადემია; ივანე ჯავახიშვილის სახელობის თბილისის სახელმწიფო უნ-ტი
264 _aთბილისი :
_bკაი ყმა ,
_c2019 .
300 _a563 გვ.
_bილ.
_c25 სმ.
653 _aიზა ჩანტლაძე
700 _aარაბული, ა.
_eრედაქტორი
_94060
700 _aგიპერტი, ი.
_eრედაქტორი
_99142
710 _aსაქართველოს მეცნიერებათა აკადემია;
_99143
710 _aივანე ჯავახიშვილის სახელობის თბილისის სახელმწიფო უნ-ტი
_99144
942 _2udc
_cBK